| 000 | 00414nam a2200181Ia 4500 | ||
|---|---|---|---|
| 001 | 1335 | ||
| 005 | 20260306143721.0 | ||
| 008 | 260306t1996||||xx |||||||||||||| ||spa|| | ||
| 041 | _aESP | ||
| 082 |
_a194 _bP27 |
||
| 100 |
_aPascal, Blas _eAUT |
||
| 245 | 0 | _aPensamientos y otros escritos | |
| 260 | _c1996 | ||
| 300 |
_a416 páginas : _c22 cm. |
||
| 650 | _aGEN | ||
| 654 | _aCHU | ||
| 942 |
_cLIB _dJUS _fJUS _2ddc _n |
||
| 999 |
_c1335 _d1335 |
||